000
00229nam a22001097a 4500
999
_c
65387
_d
65384
082
_a
297.266 ح م ی
100
_a
حمیرااطھر
245
_a
بابری مسجد
260
_a
کراچی
300
_a
۳۰۴
942
_c
BK